<?xml version="1.0" encoding="UTF-8"?>
<marc:record xmlns:marc="http://www.loc.gov/MARC21/slim">
   <marc:leader>00000nam a2200000 a 4500</marc:leader>
   <marc:datafield ind1="0" ind2="0" tag="245">
      <marc:subfield code="a">Zwei zu eins</marc:subfield>
   </marc:datafield>
   <marc:datafield ind1=" " ind2="1" tag="264">
      <marc:subfield code="a">Leipzig</marc:subfield>
      <marc:subfield code="b">Row Pictures GMBH</marc:subfield>
      <marc:subfield code="c">2024</marc:subfield>
   </marc:datafield>
   <marc:datafield ind1="1" ind2=" " tag="490">
      <marc:subfield code="a">5</marc:subfield>
   </marc:datafield>
   <marc:datafield ind1="1" ind2=" " tag="520">
      <marc:subfield code="a">Maren, Robert und Volker kennen und lieben sich seit ihrer Kindheit. Eher zufällig finden  sie in einem alten Schacht die Millionen der DDR, die dort eingelagert wurden, um zu verrotten. Die Drei schmuggeln Rucksäcke voll Geld heraus. Gemeinsam mit ihren Freunden und Nachbarn entwickeln sie ein ausgeklügeltes System, um das inzwischen wertlose Geld in Waren zu tauschen und den anrauschenden Westlern und ihrem Kapitalismus ein Schnippchen zu schlagen. Denn wenn man jetzt ein bisschen schlau ist, kann dieser Sommer nicht nur ein großes Abenteuer, sondern auch der endgültige Wendepunkt in ihrem Leben sein.</marc:subfield>
   </marc:datafield>
   <marc:datafield ind1=" " ind2=" " tag="020">
      <marc:subfield code="a">4042564241303</marc:subfield>
      <marc:subfield code="9">4042564241303</marc:subfield>
   </marc:datafield>
   <marc:datafield ind1="0" ind2=" " tag="490">
      <marc:subfield code="v">0</marc:subfield>
   </marc:datafield>
   <marc:datafield ind1=" " ind2=" " tag="300">
      <marc:subfield code="a">ca. 111 Min.</marc:subfield>
   </marc:datafield>
</marc:record>
